000 00476nam a2200181Ia 4500
001 3642
005 20260306145658.0
008 260306t1996||||xx |||||||||||||| ||spa||
041 _aESP
082 _a301
_bG35 1996
100 _aGelles, Richard J.
_eAUT
245 0 _aIntroducción a la sociología:
_bcon aplicaciones a los países de habla hispana
260 _c1996
300 _a697 páginas :
_c23 cm.
650 _aGEN
654 _aCHU
942 _cLIB
_dJUS
_fJUS
_2ddc
_n
999 _c3642
_d3642